Bič a cukor

Podrobná bibliografia
Hlavný autor: vh (Autor)
Médium: Článok
Jazyk:slovenčina
Predmet:

MARC

LEADER 00000nab a2200000 a 4500
001 vtls000691448
003 SK-MaSNL
005 20260303043630.0
008 180207c1999 xo 0 slo
015 |a SNBRB1999/04-10226 
035 |a CLN000043615 
040 |a SNKBUCL  |b slo  |c SNKBUCL  |e AACR2 
041 0 |a slo 
044 |a xo  |c SK 
080 |a 328.1(437.6):362.19(437.6:497.1)  |2 UDC-MRF-SK2 
080 |a 362.19(437.6:497.1)  |2 UDC-MRF-SK2 
080 |a 362.92(437.6:497.1)  |2 UDC-MRF-SK2 
100 0 |a vh  |4 aut  |9 882117 
245 1 0 |a Bič a cukor  |c [autor) vh 
610 7 |a Slovensko  |b Vláda  |x zasadanie  |y 9.4.1999  |2 snkbucl  |9 1031300 
650 0 7 |a utečenci  |2 snkbucl  |9 993 
650 0 7 |a humanitárna pomoc  |2 snkbucl  |9 4224 
655 7 |a články z novín a časopisov  |2 snkbucl  |9 267496 
773 0 |t Slovenská republika  |g Roč. 7, č. 82 (10.4.1999), s. 1 
850 |a Slovenská národná knižnica v Martine 
852 |a SNK  |b KIS3GCP 
958 |a RBX 
999 |c 1697660  |d 1699590